All U.S. Amendments - Statistics

General Stats
  • This quiz has been taken 808 times
  • The average score is 23 of 27
Answer Stats
Number Amendment % Correct
1 Freedom of Religion, Speech, Press, Assembly, and Petition
94%
2 Bearing Arms
93%
3 Quartering of Troops
92%
18 Prohibition of Intoxicating Liquors
91%
21 Repeal of 18th Amendment
91%
13 Slavery and Involuntary Servitude (Eliminates Slavery)
90%
19 Equal Sufferage- Sex (Women Sufferage)
90%
4 Search and Seizures
90%
5 Criminal Proceedings; Due Process; Eminent Domain (Self-incrimination) (double jeopardy)
89%
15 Right to Vote- Race, Color, Servitude (Black Males Vote)
88%
7 Civil Trials
88%
8 Punishment for Crimes (Cruel and Unusual Punishment)
88%
10 Power Reserved to the States
87%
26 Right to Vote- Age (18 year old Vote)
87%
22 Presidential Tenure (Presidential term limit)
86%
9 Unenumerated Rights (Other Rights)
86%
14 Rights of Citizens (Defines citizenship, equal protection under the law, new due process protections against states) Naturalization of Citizens
85%
6 Criminal Proceedings (Trial by jury)
85%
16 Income Tax
83%
23 Presidential Electors for the District of Columbia (D.C.)
83%
27 Congressional Pay
83%
12 Election of President and Vice President
82%
11 Suits Against States
80%
17 Popular Election of Senators
80%
25 Presidential Succession, Vice Presidential Vacancy, Presidential Inability
80%
24 Right to Vote in Federal Elections- Tax Payment (Banned poll taxes)
79%
20 Commencement of Terms; Sessions of Congress; Death or Disqualification of President-Elect
75%
No matching quizzes found
Score Distribution
Percent of People with Each Score
Percentile by Number Answered
Your Score History
You have not taken this quiz